[Event "POL-chT 47th"]
[Site "Mikolajki"]
[Date "1991.09.??"]
[Round "2"]
[White "Kujawski, Ryszard"]
[Black "Stecki, Witold"]
[Result "0-1"]
[WhiteElo "2310"]
[BlackElo "2235"]
[PlyCount "60"]
[EventDate "1991.09.20"]
[EventType "team-swiss"]
[EventRounds "9"]
[EventCountry "POL"]
[SourceTitle "EXT 2019"]
[Source "ChessBase"]
[SourceDate "2018.10.10"]
[SourceVersion "1"]
[SourceVersionDate "2018.10.10"]
[SourceQuality "1"]
[WhiteTeam "Poznan Pocztowiec"]
[BlackTeam "Jelenia Gora Spartakus"]
[WhiteTeamCountry "POL"]
[BlackTeamCountry "POL"]

1. d4 Nf6 2. c4 e6 3. Nf3 b6 4. Nc3 Bb7 5. a3 Be7 6. d5 0-0 7. e4 d6 8. Bd3 e5 9. 0-0 Bc8 10. h3 h6 11. Be3 Nh7 12. Qc2 Nd7 13. b4 a5 14. Ne2 Ng5 15. Nd2 Nh7 16. Rac1 axb4 17. axb4 Bg5 18. f4 exf4 19. Nxf4 Ne5 20. Be2 Ra3 21. Nb3 Bd7 22. Qb2 Ra4 23. Nd4 Nf6 24. Qb1 Ra3 25. Bd2 Re8 26. Rc3 Qa8 27. Rxa3 Qxa3 28. Nf3 Ra8 29. Nxe5 dxe5 30. Bc1 Qa2 0-1